| 000 | 00688nam a2200217 a 4500 | ||
|---|---|---|---|
| 001 | 21547 | ||
| 003 | CO-ViMGA | ||
| 008 | 141112s2004 ck r 000 u spa d | ||
| 020 | _a8426132936 | ||
| 040 |
_aCO-ViMGA _bspa _cCO-ViMGA |
||
| 082 | 0 | 4 | _aGEIb |
| 100 | 1 |
_aGeisler, Dagmar _930775 |
|
| 245 | 1 | 0 | _aBuen provecho, max |
| 260 |
_aBarcelona : _bJuventud, _c2002 |
||
| 300 | _a12 | ||
| 590 | _aForma de adquisición : Donación fact. 8848 - - Precio : 25500 - - Proveedor : Fundación exito - - Fecha de adquisición : Junio 2007 | ||
| 650 | 1 | 4 |
_aALBUMES INFANTILES _92002 |
| 650 | 1 | 4 | _aCUENTOS INFANTILES ALEMANES |
| 650 | 1 | 4 |
_aLIBROS ILUSTRADOS PARA NIÑOS _92001 |
| 942 |
_2ddc _cBK |
||
| 999 |
_c30133 _d30133 |
||